[Event "GER-chT U16"]
[Site "Aurich"]
[Date "2018.12.29"]
[Round "6.2"]
[White "Gallasch, Robin"]
[Black "Hurm, Moritz"]
[Result "0-1"]
[WhiteElo "1902"]
[BlackElo "1789"]
[PlyCount "74"]
[EventDate "2018.12.27"]
[EventType "team-swiss"]
[EventRounds "7"]
[EventCountry "GER"]
[SourceTitle "CBM 188 Extra"]
[Source "ChessBase"]
[SourceDate "2019.02.26"]
[SourceVersion "1"]
[SourceVersionDate "2019.02.26"]
[SourceQuality "1"]
[WhiteTeam "Porz SG"]
[BlackTeam "Hohentuebingen"]
[WhiteTeamCountry "GER"]
[BlackTeamCountry "GER"]

1. d4 Nf6 2. c4 e6 3. Nf3 Bb4+ 4. Bd2 c5 5. Bxb4 cxb4 6. g3 d6 7. Bg2 0-0 8. 0-0 Nc6 9. a3 bxa3 10. Nxa3 e5 11. Nb5 a6 12. d5 Ne7 13. Nc3 Qc7 14. Qd3 Bf5 15. e4 Bg6 16. Nd2 Nd7 17. b4 b6 18. g4 h5 19. h3 hxg4 20. hxg4 Bh7 21. Qh3 Ng6 22. Ne2 Qd8 23. Nf3 Qe7 24. Kh2 Rfc8 25. Rh1 Rxc4 26. Kg1 Ngf8 27. Ng3 g6 28. Nh4 Qg5 29. Nhf5 gxf5 30. Nxf5 Nf6 31. Nh6+ Kg7 32. Qf3 Bxe4 33. Qh3 Ng6 34. Bxe4 Rxe4 35. Nf5+ Kf8 36. f3 Rf4 37. Rf1 Rxf5 0-1

[Event "GER-chT U16"]
[Site "Aurich"]
[Date "2018.12.29"]
[Round "5.1"]
[White "Knuedel, Torben"]
[Black "Hurm, Moritz"]
[Result "1-0"]
[WhiteElo "2204"]
[BlackElo "1789"]
[PlyCount "46"]
[EventDate "2018.12.27"]
[EventType "team-swiss"]
[EventRounds "7"]
[EventCountry "GER"]
[SourceTitle "CBM 188 Extra"]
[Source "ChessBase"]
[SourceDate "2019.02.26"]
[SourceVersion "1"]
[SourceVersionDate "2019.02.26"]
[SourceQuality "1"]
[WhiteTeam "Uelzen Post"]
[BlackTeam "Hohentuebingen"]
[WhiteTeamCountry "GER"]
[BlackTeamCountry "GER"]

1. e4 c5 2. Nf3 e6 3. d4 cxd4 4. Nxd4 a6 5. Bd3 Bc5 6. Nb3 Ba7 7. Qe2 Nc6 8. Be3 Bxe3 9. Qxe3 d6 10. Nc3 Nf6 11. 0-0-0 b5 12. f4 Bb7 13. Rhf1 Qc7 14. Kb1 Rc8 15. Bxb5 0-0 16. Be2 Rfd8 17. g4 Na5 18. g5 Nxb3 19. gxf6 Nc5 20. Qg3 g6 21. Qg5 Kh8 22. Qh6 Rg8 23. Rf3 Nxe4 1-0